000 01092nam a22003257a 4500
003 CHAP
005 20220329134230.0
008 971013s1964 r 00010 d
010 _a17348
011 _a18320
035 _a22405
040 _cCHAP
090 _aTesis
100 0 0 _aHuitrón Márquez, María Elena.
_956834
245 _aPruebas de resistencia de líneas de garbanzo Cicer arietinum L. a ciertas enfermedades de la raíz
260 _aChapingo, Méx. :
_bEl Autor,
_c1964
300 _a110 p.
502 _aTesis (M. en C. Esp. en Fitopatología) -- ENA. Colegio dePostgraduados
590 _aALEPH
_b10
_c20130110
_lUCH01
_h1240
590 _aBATCH-UPD
_b10
_c20130110
_lUCH01
_h2128
590 _aBATCH-UPD
_b10
_c20130410
_lUCH01
_h1438
590 _aBATCH-UPD
_b10
_c20130914
_lUCH01
_h1526
590 _aCONVERSION
_b10
_c20130109
_lUCH01
_h1311
650 1 4 _aGarbanzo
_xEnfermedades.
_945605
650 1 4 _aGarbanzo
_xMejoramiento.
_945619
901 _aBK
942 _cFOLL
949 _bBC
_cTES
_d-52445
_eTS1
_i22405
_si
949 _bBC
_cTES
_d-52447
_eTS2
_fc.2
_i22405
_si
999 _c17348
_d17348